000 00971nam a2200241Ia 4500
001 Z_3857
008 220601s9999 xx 000 0 und d
082 _a636.213 J48
100 _aJuergenson, Elwood M.
_962280
245 _aMétodos aprobados en la producción de ganado vacuno para carne / Elwood M. Juergenson; traducción Francisco Contró M.
260 _aMéxico : Trillas
300 _a366 p.
500 _aTraducción de la obra en inglés: Approved practicesin beef cattle production de la 3th ed. en inglésla biblioteca cuenta con las reimpresiones: 4a reimp. de 1975, 5a reimp. de 1979 y 6a reimp. de 1981
503 _aej.1: s/n \ ej.2: Donación \ ej. 3: s/n
650 _a1. Ganado de carne - Producción
_9178435
650 _aCarne
_919053
700 _aContró M., Francisco, tr.Ì
_9180785
901 _a636.213 J48
902 _aM
905 _a3232271966 mx adm 7211113311sp 16
942 _c1
999 _c216916
_d216916